| 000 | 00669nam a2200169 a 4500 | ||
|---|---|---|---|
| 008 | 120416s2003 ||||||||||||||||| || u | ||
| 020 | _a0821356372 | ||
| 050 | _aIBRD(058)WDR/2004 | ||
| 110 | _aWorld Bank | ||
| 245 | 1 | 0 |
_aWorld Development Report 2004: making services work for poor people _cWorld Bank |
| 260 |
_aWashington, D.C. _bWorld Bank _c2003 |
||
| 350 | _a0.00 | ||
| 650 | 0 | _aDEVELOPING COUNTRIES--SOCIAL POLICY | |
| 650 | 0 | _aECONOMIC DEVELOPMENT--AFRICA, SUB-SAHARAN | |
| 650 | _aPOOR--DEVELOPING COUNTRIES | ||
| 995 |
_D0.00 _FCBU-MAIN LIBRARY (Kitwe) _H1 _I0.00 _M1 _UAVAILABLE _ZInternational Publications |
||
| 999 |
_c62064 _d62064 |
||